00498nam a22001695i 4500001000700000003000900007005001700016008004100033020002200074080002000096100004700116245007300163250001200236260003100248300002100279852002800300168501ES-MaACL20250523062601.0080415s2007 sp |||| | spa d a978-84-85708-73-4 a821.134.2-2"19"1 aGarcía Calvo, Agustín,d1926-2012eaut13aLa rana y el alacrán b: tragedia / c¿Agustín García Calvo?. a1ª ed. aZamora : bLucina, c2007. a43 p. ; c20 cm.1 aBA jL-29350 bR.143361